Разработка, исследование и расчет машин и аппаратов химических производств: межвузовский тематический сборник трудов

Dades bibliogràfiques
Autor corporatiu: Московский институт химического машиностроения
Altres autors: Быков Ю. М. (редактор)
Idioma:rus
Publicat: Москва, Изд-во МИХИМ, 1980
Matèries:
Format: MixedMaterials Llibre
KOHA link:https://koha.lib.tpu.ru/cgi-bin/koha/opac-detail.pl?biblionumber=364840

MARC

LEADER 00000nam0a2200000 4500
001 364840
005 20231102011728.0
035 |a (RuTPU)RU\TPU\retro\22203 
090 |a 364840 
100 |a 20211130d1980 km y0rusy50 ca 
101 0 |a rus 
102 |a RU 
105 |a a z 001zy 
200 1 |a Разработка, исследование и расчет машин и аппаратов химических производств  |e межвузовский тематический сборник трудов  |f Московский институт химического машиностроения ; под ред. Ю. М. Быкова 
210 |a Москва  |c Изд-во МИХИМ  |d 1980 
215 |a 167 с.  |c ил. 
320 |a Библиогр. в конце ст. 
606 1 |a Химические машины и аппараты  |2 stltpush  |3 (RuTPU)RU\TPU\subj\73309  |9 86361 
610 1 |a химическое машиностроение 
610 1 |a разработки 
610 1 |a исследование 
610 1 |a расчет 
610 1 |a конструкции 
610 1 |a новые технологии 
610 1 |a прочность 
610 1 |a коррозионная стойкость 
610 1 |a надежность 
610 1 |a долговечность 
675 |a 66.02  |v 4 
702 1 |a Быков  |b Ю. М.  |4 340 
712 0 2 |a Московский институт химического машиностроения  |c (1933-1993)  |2 stltpush  |3 (RuTPU)RU\TPU\col\7881  |9 24402 
801 1 |a RU  |b 63413507  |c 20211130 
942 |c BK